000 01279nam a2200289Ia 4500
999 _c56052
_d56052
001 23152
003 GE_BSU
005 20230716131139.0
008 181216s1964||||ge |||||||||||||| ||geo||
040 _cGE_BSU
041 _ageo
080 _a82-31 ჰ-44
100 _aჰემინგუეი, ერნესტ
_911669
245 _aჰარი მორგანი. ქონა თუ არ ქონა [რომანი]. მოთხრობები. მეხუთე კოლონა : [პიესა] /
_cერნესტ ჰემინგუეი ; მთარგმნ. ვ. ჭელიძე.
264 _aთბილისი :
_b[ლიტერატურა და ხელოვნება],
_c1964.
300 _a390 გვ. ;
_c20 სმ.
541 _h2ლ. 30თ.
653 _aჰარი მორგანი
653 _aქონა თუ არ ქონა
653 _aმოთხრობები
653 _aმეხუთე კოლონა
653 _aპიესა
653 _aრომანი
700 _aჭელიძე, ვ.
_eმთარგმნელი
_96048
700 _aაგიაშვილი, ნ.
_eრედაქტორი
_919349
942 _cBK
_2udc